Podpora metodiky mat vo verejnom obstarávaní pomocou chatbotov

Zmapovanie spôsobu zjednodušenia vyhodnocovania alternatívnych ponúk pre obstarávateľov pri verejnom obstarávaní pri podpore chatbotov, pričom takéto zjednodušenie ich motivuje k vykonávaniu verejného obstarávania pomocou metódy najviac výhodnej ponuky.

Salvato in:
Dettagli Bibliografici
Autore principale: Dudek, Daniel, 1999-
Natura: Capitolo di libro
Lingua:inglese
Soggetti:
Tags: Aggiungi Tag
Nessun Tag, puoi essere il primo ad aggiungerne!!

MARC

LEADER 00000naa$a2200000$$$4500
001 0297384
005 20240502074513.3
041 0 |a eng 
044 |a SK 
245 1 0 |a Podpora metodiky mat vo verejnom obstarávaní pomocou chatbotov  |c Daniel Dudek 
520 |a Zmapovanie spôsobu zjednodušenia vyhodnocovania alternatívnych ponúk pre obstarávateľov pri verejnom obstarávaní pri podpore chatbotov, pričom takéto zjednodušenie ich motivuje k vykonávaniu verejného obstarávania pomocou metódy najviac výhodnej ponuky. 
610 2 0 |a obstarávanie verejné 
610 2 0 |a rozhodovanie 
610 2 0 |a rozhodovanie viackriteriálne 
610 2 0 |a inteligencia umelá 
610 2 0 |a správa štátna 
610 2 0 |a technológie nové 
610 2 0 |a digitalizácia 
100 1 |a Dudek, Daniel, 1999-